000 00482nam a2200169Ia 4500
999 _c13178
_d13178
003 OSt
005 20201113113236.0
008 190216s9999||||xx |||||||||||||| ||und||
040 _coclc
082 _a820
_bRAM/C
100 _aRamarao, Vimala
_96284
245 0 _aCurrent Prose For Better Learning /
_cVimala Ramarao
260 _bOrient Longman,
_c1989.
_aLondon:
300 _a136p
650 _aEnglish Prose
942 _cBK
_2ddc
_h820
_iRAM/C
_k820
_mRAM/C